00961nam a2200277 a 450000100060000000300080000600500170001400800410003102000150007202000140008703500190010104000230012004100080014308200220015110000320017324500620020525000220026726000510028930000260034050400640036665000300043085600370046094200120049799900170050995201570052656847BD-RjUL20211209080436.0161204s1995 nyu b 001 0 eng  a0521475279 a052165709 a(BD-RjUL)56971 aDLCcDLCdDLCbeng aeng00a241223bSCR 19991 aSchweiker, William.913903410aResponsibility and Christian ethics /cWilliam Schweiker. a1st paperback ed. aNew York :bCambridge University Press,c1999. axiv, 255 p. ;c23 cm. aIncludes bibliographical references (p. 245-251) and index. 0aChristian ethics.9139035 uNew studies in Christian ethics. 2ddccBK c56847d56847 00102ddc40718NFICaRUCLbRUCLcReadingd2006-05-09eDhaka, Paragon Enterpries Ltd.g17.99l0o241 SCR 1999r2016-12-04 00:00:00tC-1w2016-12-04yBK